Sports Quiz

Random Sports or Olympics Quiz

Olympic Medal Table: Speed Skating Quiz Stats

 Plays Quiz Updated Dec 21, 2018

Challenge
Share
Tweet
Embed
Score 0/23 Timer 05:00
0 Plays Today
Rank Country % Correct
3United States
99.1%
12Russia
93.9%
6Canada
93.8%
23Olympic Athletes from Russia
92.4%
5Germany
91.8%
10Sweden
91.1%
2Norway
90.3%
13China
89.3%
9Japan
89%
8Finland
87.2%
1Netherlands
83.2%
17Italy
80.7%
Rank Country % Correct
11South Korea
78.8%
15Austria
75.2%
4Soviet Union
74.6%
16Poland
73.1%
19Belgium
68.5%
7East Germany
64.2%
14Czechia
61.3%
18West Germany
61.2%
21North Korea
46.4%
20Belarus
42.8%
22Kazakhstan
27.1%

You're not logged in!

Compare scores with friends on all Sporcle quizzes.
OR
Log In

You Might Also Like...

Show Comments

Extras

Top Quizzes Today


Score Distribution

Your Account Isn't Verified!

In order to create a playlist on Sporcle, you need to verify the email address you used during registration. Go to your Sporcle Settings to finish the process.

Report this User

Report this user for behavior that violates our Community Guidelines.

Details: